Environmental performance regulations in the Netherlands (Record no. 115577)
[ view plain ]
| 000 -LEADER | |
|---|---|
| fixed length control field | 01660cad a2200313 4500 |
| 001 - CONTROL NUMBER | |
| control field | L158899 |
| 008 - FIXED-LENGTH DATA ELEMENTS--GENERAL INFORMATION | |
| fixed length control field | 100215n2013 000 0 eng u |
| 020 ## - INTERNATIONAL STANDARD BOOK NUMBER | |
| International Standard Book Number | 9781783210305 |
| 035 ## - SYSTEM CONTROL NUMBER | |
| System control number | (Sirsi) u158899 |
| 041 ## - LANGUAGE CODE | |
| Language code of text/sound track or separate title | eng |
| 100 1# - MAIN ENTRY--PERSONAL NAME | |
| Personal name | Scholten, N. P. M. |
| Titles and words associated with a name | Dr |
| 111 2# - MAIN ENTRY--MEETING NAME | |
| Meeting name or jurisdiction name as entry element | Construction and Building Research Conference |
| Location of meeting | IIT Delhi, New Delhi |
| Date of meeting or treaty signing | 10-12 September 2013 |
| 245 00 - TITLE STATEMENT | |
| Title | Environmental performance regulations in the Netherlands |
| Medium | [electronic resource] |
| 260 ## - PUBLICATION, DISTRIBUTION, ETC. | |
| Place of publication, distribution, etc. | London |
| Name of publisher, distributor, etc. | RICS |
| Date of publication, distribution, etc. | 2013 |
| 490 #0 - SERIES STATEMENT | |
| Series statement | COBRA |
| Volume/sequential designation | 2013 |
| 520 ## - SUMMARY, ETC. | |
| Summary, etc. | A paper presented at the COBRA Conference in New Delhi on 10-12 September 2013. Focuses on the 2012 Building Decree which stipulated that by January 2013 a calculation of material environmental performance for a dwelling or office building should be delivered at submission of the environmental (building) permit. The aim of this requirement is to encourage more conscientious decisions by a regulated uniform determination method. Environmental and life cycle properties of materials chosen and design variants should so be enabled to be subject of consciousness. Furthermore the development of sustainable initiatives and innovation should be stimulated. |
| 650 24 - SUBJECT ADDED ENTRY--TOPICAL TERM | |
| Topical term or geographic name entry element | CONSTRUCTION AND BUILDING RESEARCH CONFERENCE (COBRA) |
| 650 24 - SUBJECT ADDED ENTRY--TOPICAL TERM | |
| Topical term or geographic name entry element | 2012 Dutch Building Decree |
| 650 24 - SUBJECT ADDED ENTRY--TOPICAL TERM | |
| Topical term or geographic name entry element | ENVIRONMENTAL PERFORMANCE |
| 650 24 - SUBJECT ADDED ENTRY--TOPICAL TERM | |
| Topical term or geographic name entry element | ENVIRONMENTAL PERFORMANCE MEASUREMENT |
| 650 24 - SUBJECT ADDED ENTRY--TOPICAL TERM | |
| Topical term or geographic name entry element | ENVIRONMENTALLY-FRIENDLY MATERIALS |
| 650 24 - SUBJECT ADDED ENTRY--TOPICAL TERM | |
| Topical term or geographic name entry element | LIFE CYCLE ANALYSIS |
| 651 #4 - SUBJECT ADDED ENTRY--GEOGRAPHIC NAME | |
| Geographic name | Netherlands |
| 690 ## - LOCAL SUBJECT ADDED ENTRY--TOPICAL TERM (OCLC, RLIN) | |
| Topical term or geographic name as entry element | Sustainability |
| 9 (RLIN) | 6271 |
| 700 1# - ADDED ENTRY--PERSONAL NAME | |
| Personal name | Ewijk, Harry van |
| 700 1# - ADDED ENTRY--PERSONAL NAME | |
| Personal name | Wildt, de R |
| 700 1# - ADDED ENTRY--PERSONAL NAME | |
| Personal name | Huppes, Gjalt |
| 942 ## - ADDED ENTRY ELEMENTS (KOHA) | |
| Suppress in OPAC | 0 |
| Withdrawn status | Lost status | Source of classification or shelving scheme | Damaged status | Not for loan | Home library | Current library | Shelving location | Date acquired | Total Checkouts | Full call number | Barcode | Date last seen | Copy number | Price effective from | Koha item type |
|---|---|---|---|---|---|---|---|---|---|---|---|---|---|---|---|
| Dewey Decimal Classification | Virtual | Virtual | Online | 19/09/2015 | ONLINE PUBLICATION | 158899-2001 | 06/08/2019 | 1 | 06/08/2019 | Book |